Corporate finance. / (Record no. 2830)
[ view plain ]
| 000 -LEADER | |
|---|---|
| fixed length control field | 01566nam a22001817a 4500 |
| 008 - FIXED-LENGTH DATA ELEMENTS--GENERAL INFORMATION | |
| fixed length control field | 140410b xxu||||| |||| 00| 0 eng d |
| 020 ## - INTERNATIONAL STANDARD BOOK NUMBER | |
| International Standard Book Number | 321416805 |
| 050 ## - LIBRARY OF CONGRESS CALL NUMBER | |
| Classification number | HG4026.B46 |
| 100 ## - MAIN ENTRY--PERSONAL NAME | |
| Personal name | Berk, Jonathan. |
| 245 ## - TITLE STATEMENT | |
| Title | Corporate finance. / |
| Statement of responsibility, etc. | Jonathan Berk and Peter Demarzo. |
| 260 ## - PUBLICATION, DISTRIBUTION, ETC. | |
| Place of publication, distribution, etc. | Boston: |
| Name of publisher, distributor, etc. | Pearson, |
| Date of publication, distribution, etc. | 2007. |
| 300 ## - PHYSICAL DESCRIPTION | |
| Extent | xxxvii,988p.: |
| Other physical details | ill.; |
| Dimensions | 25cm |
| 500 ## - GENERAL NOTE | |
| General note | Includes glossary and index. |
| 505 ## - FORMATTED CONTENTS NOTE | |
| Formatted contents note | Contents: Introduction: The Corporation -- Introduction to financial statement analysis -- Arbitrage and financial decision making -- Tools: The Time value of money -- Interest rates -- Investment decision rules -- Basic valuation: Fundamentals of capital budgeting -- Valuing bonds -- Valuing stocks -- Risk and return: Capital markets and the pricing of risk -- Optimal portfolio choice -- The Capital asset pricing model -- Alternative models of systematic risk -- Capital structure: Capital structure in a perfect market -- Debt and taxes -- Financial distress, Managerial incentives,and information -- Payout policy -- Valuation: Capital budgeting and valuation with leverage -- Valuation and financial modeling: a case study -- Options: Financial options -- Real options -- Long-term financing: The Mechanics of raising equity capital -- Debt financing -- Leasing -- Short-term financing: Working capital management -- Short-term financial planning -- Special topics: Mergers and acquisitions -- Corporate governance -- Risk management -- International corporate finance. |
| 650 ## - SUBJECT ADDED ENTRY--TOPICAL TERM | |
| Topical term or geographic name entry element | Finance |
| 700 ## - ADDED ENTRY--PERSONAL NAME | |
| Personal name | DeMarzo, Peter |
| 942 ## - ADDED ENTRY ELEMENTS (KOHA) | |
| Source of classification or shelving scheme | Library of Congress Classification |
| Koha item type | Books |
| Withdrawn status | Lost status | Source of classification or shelving scheme | Damaged status | Not for loan | Home library | Current library | Shelving location | Date acquired | Total Checkouts | Full call number | Barcode | Date last seen | Copy number | Price effective from | Koha item type |
|---|---|---|---|---|---|---|---|---|---|---|---|---|---|---|---|
| Library of Congress Classification | WISCONSIN INTERNATIONAL UNIVERSITY COLLEGE, GHANA - MAIN LIBRARY | WISCONSIN INTERNATIONAL UNIVERSITY COLLEGE, GHANA - MAIN LIBRARY | CC | 10/04/2014 | HG4026 .B46 | 843/036/13 | 10/04/2014 | 2 | 10/04/2014 | Books | |||||
| Library of Congress Classification | WISCONSIN INTERNATIONAL UNIVERSITY COLLEGE, GHANA - MAIN LIBRARY | WISCONSIN INTERNATIONAL UNIVERSITY COLLEGE, GHANA - MAIN LIBRARY | CC | 10/04/2014 | HG4026 .B461 | 844/037/13 | 10/04/2014 | 10/04/2014 | Books |
